00739nam a2200205Ia 4500003000900000008004100009020001800050040001600068080001500084100003100099245014400130260003900274300001700313650004100330650002500371650001800396942000700414999001500421952009700436IN-BaIIA211028s9999 xx 000 0 eng d a0-306-17181-3 cIIA Library a533bMIK-1 aMikhailovskii, A. B910854 0aTheory of plasma instabilitiesbvol. 1, instabilities of a homogeneous plasmacA. B. Mikhailovskii  aNew YorkbConsultants Bureauc1974 axviii, 289p. aAstronomy and astrophysics thesaurus aPlasma physics93732 aPlasmas91898 cBK c6326d6326 00104070aBANbBANcGENd1979-09-24l0o533/ MIK-1p7047r2021-11-05w1979-09-24yBKG37.5